| Поле | Инд. | ПП | Название | Значение |
|---|---|---|---|---|
| Тип записи | a | |||
| Библиографический уровень | m | |||
| 001 | Контрольный номер | 8b3c8ce6292e4fd8bcc1dbc2bdec57d7 | ||
| 005 | Дата корректировки | 20251029114451.3 | ||
| 020 | a | ISBN | 978-5-9781-1180-4 | |
| c | Цена, тираж | 258-00 | ||
| 084 | a | Индекс другой классификации/Индекс ББК | 84(2=411.2)1 | |
| 090 | a | Полочн. индекс | 84(2=411.2)1 | |
| c | Каталожный индекс | 84(2=411.2)1 | ||
| x | Авторский знак | П 91 | ||
| 091 | i | Возрастная адресация (DOS) | 6+ | |
| 097 | b | Оператор | Кондратьева | |
| 100 | 1_ | a | Автор | Пушкин А. С. |
| q | Полное имя | Пушкин Александр Сергеевич | ||
| 245 | 10 | a | Заглавие | Сказки |
| b | Продолж. заглавия | [6+] | ||
| c | Ответственность | художник В. М. Назарук | ||
| 260 | a | Место издания | Москва | |
| b | Издательство | Самовар | ||
| c | Дата издания | 2025 | ||
| 300 | a | Объем | 112 с. | |
| b | Иллюстрации/ тип воспроизводства | ил. | ||
| 440 | _0 | a | Серия | Школьная библиотека |
| 900 | a | Имя макрообъекта | о15717861 | |
| 901 | t | Тип документа | m |